000 00543nam a22001577a 4500
999 _c8146
_d8146
003 AUA.1
005 20200203125019.0
008 121025t xxu||||| |||| 00| 0 eng d
040 _cJTL
100 _aKra, Emmanuel K.
_927939
245 _aThe attraction of the Seventh-Day Adventist members to penticostal charismatic movements in Abidjan, Cote D'Ivoire /
_cEmmanuel K. Kra.
300 _a71 p.
_c29 cm.
650 _aSeventh-day Adventists
_927940
650 _aPentecostals
_927941
942 _2aua
_cPROJECT
_hMA Lead
_i.K73 2009